| 000 | 00656nam a2200193 a 4500 | ||
|---|---|---|---|
| 001 | 000041540 | ||
| 005 | 20201002035629.0 | ||
| 008 | 131009s1997 ag a 000 0 spa d | ||
| 020 | _a9501517667 | ||
| 040 |
_aDO-SdBNP _bspa _cBNPHU |
||
| 082 |
_axxx _bxxx |
||
| 100 | 1 |
_aChopra, Deepak _93471 |
|
| 240 | 1 | 0 | _aOvercoming addictions |
| 245 | 1 | 0 |
_aVencer las adicciones. : _bla solución espiritual / _cDeepak Chopra; traducción, Ana Mazía. |
| 260 |
_aBuenos Aires : _bJavier Vergara, _c1997. |
||
| 300 |
_a133 p. : _bil. ; _c22 cm. |
||
| 500 | _aIncluye datos biografícos del autor en la solapa de la contraportada. | ||
| 700 | 1 |
_aMazía, Ana _etrad. _911117 |
|
| 999 |
_c41030 _d41030 |
||